Alternating-current work (Record no. 545542)
[ view plain ]
| 000 -LEADER | |
|---|---|
| fixed length control field | 00941cam a2200205K 4500 |
| 082 ## - DEWEY DECIMAL CLASSIFICATION NUMBER | |
| Classification number | 621.31913 |
| Author Mark | MAY |
| -- | L-tech, P-60 |
| 100 1# - MAIN ENTRY--PERSONAL NAME | |
| Personal name | Maycock, W. Perren |
| 9 (RLIN) | 41360 |
| 245 10 - TITLE STATEMENT | |
| Title | Alternating-current work |
| Remainder of title | An introductory book for engineers and students. |
| Statement of responsibility, etc. | By W. Perren Maycock ... An enlargement of, and an improvement upon the author's former work "The alternating-current circuit and motor" ... |
| 250 ## - EDITION STATEMENT | |
| Edition statement | 2nd ed. |
| 260 ## - PUBLICATION, DISTRIBUTION, ETC. | |
| Place of publication, distribution, etc. | London, |
| Name of publisher, distributor, etc. | Whittaker & Co., |
| Date of publication, distribution, etc. | 1915. |
| 300 ## - PHYSICAL DESCRIPTION | |
| Extent | 1 online resource (xxiii (i), 415(1) p.) |
| Other physical details | illus. (incl. diagr.) |
| 526 ## - STUDY PROGRAM INFORMATION NOTE | |
| Program name | 0 |
| Interest level | 0 |
| Reading level | 0 |
| Title point value | 621_319130000000000_MAY |
| 650 #4 - SUBJECT ADDED ENTRY--TOPICAL TERM | |
| Topical term or geographic name entry element | Dynamo (Alternating current), 1915. |
| 9 (RLIN) | 41361 |
| 650 #4 - SUBJECT ADDED ENTRY--TOPICAL TERM | |
| Topical term or geographic name entry element | Electricity |
| General subdivision | Currents (Alternating), 1915. |
| 9 (RLIN) | 41362 |
| 650 #4 - SUBJECT ADDED ENTRY--TOPICAL TERM | |
| Topical term or geographic name entry element | MCE |
| 9 (RLIN) | 379 |
| 650 #4 - SUBJECT ADDED ENTRY--TOPICAL TERM | |
| Topical term or geographic name entry element | Motor (Electric) |
| General subdivision | Alternating current, 1915. |
| 9 (RLIN) | 41363 |
| 650 #4 - SUBJECT ADDED ENTRY--TOPICAL TERM | |
| Topical term or geographic name entry element | Transformers, 1915. |
| 9 (RLIN) | 41364 |
| 856 40 - ELECTRONIC LOCATION AND ACCESS | |
| Uniform Resource Identifier | <a href="http://catalog.hathitrust.org/api/volumes/oclc/40003299.html">http://catalog.hathitrust.org/api/volumes/oclc/40003299.html</a> |
| 942 ## - ADDED ENTRY ELEMENTS (KOHA) | |
| Source of classification or shelving scheme | |
| Koha item type | Book |
| Withdrawn status | Lost status | Source of classification or shelving scheme | Damaged status | Not for loan | Permanent Location | Current Location | Date acquired | Total Checkouts | Full call number | Barcode | Date last seen | Price effective from | Koha item type |
|---|---|---|---|---|---|---|---|---|---|---|---|---|---|
| Military College of Engineering (MCE) | Military College of Engineering (MCE) | 05/26/2014 | 621.31913 MAY | MCE-40074 | 05/26/2014 | 05/26/2014 | Book |
